Statistiken für Pokémon - 4. Generation - Deutsch

Klicken Sie hier um das Quiz zu spielen!

Allgemein

  • Dieses Quiz wurde 5.743 mal gespielt
    (5.676 seit der letzten Aktualisierung)
  • Das Durchschnittsergebnis liegt bei 65 aus 107

Antwortstatistiken

HintAntwort% Korrekt
393Plinfa
97%
387Chelast
96%
390Panflam
96%
392Panferno
95%
483Dialga
94%
484Palkia
94%
395Impoleon
93%
391Panpyro
91%
396Staralili
89%
398Staraptor
89%
487Giratina
87%
394Pliprin
85%
389Chelterrar
84%
397Staravia
84%
491Darkrai
83%
399Bidiza
82%
400Bidifas
81%
493Arceus
80%
405Luxtra
80%
480Selfe
80%
481Vesprit
80%
482Tobutz
79%
404Luxio
78%
403Sheinux
78%
466Elevoltek
77%
388Chelcarain
76%
445Knakrack
76%
467Magbrant
76%
407Roserade
73%
448Lucario
72%
443Kaumalat
71%
444Knarksel
71%
492Shaymin
71%
488Cresselia
70%
447Riolu
69%
406Knospi
68%
408Koknodon
68%
418Bamelin
67%
485Heatran
67%
486Regigigas
67%
419Bojelin
66%
409Rameidon
66%
471Glaziola
65%
490Manaphy
65%
410Schilterus
64%
470Folipurba
63%
489Phione
63%
411Bollterus
61%
402Zirpeise
59%
460Rexblisar
58%
461Snibunna
57%
468Togekiss
57%
429Traunmagil
57%
401Zirpurze
57%
425Driftlon
55%
479Rotom
55%
464Rihornior
54%
475Galagladi
53%
430Kramshef
53%
436Bronzel
52%
437Bronzong
52%
426Drifzepeli
52%
478Frosdedje
52%
442Kryppuk
52%
412Burmy
51%
462Magnezone
51%
459Shnebedeck
51%
413Burmadame
50%
431Charmian
50%
423Gastrodon
50%
453Glibunkel
50%
416Honweisel
50%
473Mamutel
50%
417Pachirisu
50%
454Toxiquak
49%
415Wadribie
49%
465Tangoloss
48%
446Mampfaxo
47%
472Skorgro
47%
440Wonneira
47%
469Yanmega
47%
438Mobai
46%
422Schalellos
46%
434Skunkapuh
46%
477Zwirrfinst
46%
427Haspiror
45%
449Hippopotas
45%
439Pantimimi
45%
450Hippoterus
44%
420Kikugi
44%
421Kinoso
44%
414Moterpel
44%
452Piondragi
44%
435Skuntank
44%
474Porygon-Z
43%
428Schlapor
43%
451Pionskora
42%
432Shnurgarst
42%
424Ambidiffel
41%
456Finneon
41%
457Lumineon
41%
463Schlurplek
40%
433Klingplim
39%
455Venuflibis
39%
476Voluminas
39%
441Plaudagei
37%
458Mantirps
36%

Verteilung der Resultate

Perzentil nach korrekt beantworteten Fragen

Anzahl Personen mit jedem Resultat

Ihre Resultats-Entwicklung

Sie haben dieses Quiz seit der letzten Aktualisierung nicht gespielt